| 000 | 01022nam a2200241Ia 4500 | ||
|---|---|---|---|
| 003 | Ost | ||
| 005 | 20260507075353.0 | ||
| 008 | 260507s9999||||xx |||||||||||||| ||und|| | ||
| 020 | _a15682299579 | ||
| 040 | _cfsecg | ||
| 041 | _aara | ||
| 082 | _a330 | ||
| 100 |
_aعمران، كريمة عيد _eمؤلف |
||
| 245 | 0 |
_aالتأمين الإسلامي والتنمية الإقتصادية والإجتماعية / _c كريمة عيد عمران |
|
| 260 |
_aعمان: _bدار أسامة للنشر والتوزيع, _c2014 |
||
| 300 |
_a368 صفحة؛ _bإيضاحات ؛ _c24 سم |
||
| 520 | _aالتأمين- التأمين التعاوني الإسلامي- الأسس الإدارية والمحاسبية- الدور التمويلي للتأمين الإسلامي في التنمية | ||
| 653 | _aالتأمين - البنوك | ||
| 653 | _aالتخطيط الإقتصادي | ||
| 653 | _aالتنمية الإجتماعية | ||
| 653 | _aالتنمية الإقتصادية | ||
| 942 | _cكتاب | ||
| 999 |
_c44170 _d44170 |
||